El reconocimiento constitucional de la medicina tradicional indígena y la salud intercultural en México y Bolivia (Record no. 154146)

MARC details
000 -CABECERA
campo de control de longitud fija 00680nab a2200205 a 4500
005 - FECHA Y HORA DE LA ÚLTIMA TRANSACCIÓN
campo de control 20210219161254.0
008 - ELEMENTOS DE LONGITUD FIJA--INFORMACIÓN GENERAL
campo de control de longitud fija 991125s1985 mx 000 0 spa u
035 ## - NÚMERO DE CONTROL DEL SISTEMA
Número de control de sistema UPN01000182043
100 1# - ASIENTO PRINCIPAL--NOMBRE PERSONAL
Nombre de persona Campos Navarro, Roberto
222 ## - TÍTULO CLAVE
Título clave CULTURAS INDIGENAS :
222 ## - TÍTULO CLAVE
Información calificativa BOLETIN DE LA DIRECCION GENERAL DE INVESTIGACION Y PATRIMONIO CULTURAL
245 ## - MENCIÓN DE TÍTULO
Título El reconocimiento constitucional de la medicina tradicional indígena y la salud intercultural en México y Bolivia
260 ## - PUBLICACIÓN, DISTRIBUCIÓN, ETC.
Lugar de publicación, distribución, etc. México
300 ## - DESCRIPCIÓN FÍSICA
Extensión 51-55
362 0# - FECHAS DE PUBLICACIÓN Y/O DESIGNACIÓN SECUENCIAL
Fecha de publicación y/o designación secuencial 2010 Vol. 2, no. 4
653 0# - TERMINO DE INDIZACION - NO CONTROLADO
Término no controlado MEDICINA TRADICIONAL
653 0# - TERMINO DE INDIZACION - NO CONTROLADO
Término no controlado DERECHOS INDIGENAS
653 0# - TERMINO DE INDIZACION - NO CONTROLADO
Término no controlado SALUD INTERCULTURAL
905 ## - TIPO DE MATERIAL
Tipo de material Articulo

No items available.